All about the oceans / (Record no. 127748)
[ view plain ]
| 000 -LEADER | |
|---|---|
| fixed length control field | 00672nam a22002177a 4500 |
| 005 - DATE AND TIME OF LATEST TRANSACTION | |
| control field | 20170124110030.0 |
| 010 ## - LIBRARY OF CONGRESS CONTROL NUMBER | |
| LC control number | B-089742 |
| 020 ## - INTERNATIONAL STANDARD BOOK NUMBER | |
| Terms of availability | 160.00 |
| International Standard Book Number | 8185559465 |
| 035 ## - SYSTEM CONTROL NUMBER | |
| System control number | B-089742 |
| 037 ## - SOURCE OF ACQUISITION | |
| Source of stock number/acquisition | Cen Lib/Ret |
| 040 ## - CATALOGING SOURCE | |
| Original cataloging agency | DPL |
| Language of cataloging | EN |
| 082 ## - DEWEY DECIMAL CLASSIFICATION NUMBER | |
| Classification number | 551.46 |
| Item number | CHA |
| 100 ## - MAIN ENTRY--PERSONAL NAME | |
| Personal name | Chakravati, Amit |
| 9 (RLIN) | 21413 |
| 245 ## - TITLE STATEMENT | |
| Title | All about the oceans / |
| Statement of responsibility, etc | by Amit Chakravarti |
| 260 ## - PUBLICATION, DISTRIBUTION, ETC. (IMPRINT) | |
| Place of publication, distribution, etc | New Bombay |
| Name of publisher, distributor, etc | Keep Busy Publishers |
| Date of publication, distribution, etc | 1995 |
| 270 ## - ADDRESS | |
| Address | Plot No. D-197, T. T. C. Industrial Area, M. I. D. C. , Turbhe |
| City | New Bombay |
| Postal code | 400613 |
| 300 ## - PHYSICAL DESCRIPTION | |
| Extent | 129p. : |
| Dimensions | 24cm(Hb) |
| Other physical details | col. ill. |
| 650 ## - SUBJECT ADDED ENTRY--TOPICAL TERM | |
| Topical term or geographic name as entry element | Ocean |
| 9 (RLIN) | 21414 |
| 650 ## - SUBJECT ADDED ENTRY--TOPICAL TERM | |
| Topical term or geographic name as entry element | Ocean waves |
| 9 (RLIN) | 21415 |
| 942 ## - ADDED ENTRY ELEMENTS (KOHA) | |
| Source of classification or shelving scheme | Dewey Decimal Classification |
| Koha item type | English Books |
| Classification part | 551.46 |
| Call number suffix | CHA |
| Withdrawn status | Lost status | Damaged status | Not for loan | Home library | Current library | Date acquired | Source of acquisition | Cost, normal purchase price | Total Checkouts | Full call number | Barcode | Date last seen | Date checked out | Copy number | Cost, replacement price | Price effective from | Koha item type |
|---|---|---|---|---|---|---|---|---|---|---|---|---|---|---|---|---|---|
| Central Library | Central Library | 30/06/2015 | Cen Lib/Ret | 160.00 | 1 | 551.46 CHA | B-089742 | 11/12/2019 | 23/11/2019 | 1 | 160.00 | 30/06/2015 | English Books |
